[Event "HUN-ch U20"]
[Site "Szolnok"]
[Date "2024.04.01"]
[Round "1"]
[White "Novak, Csanad Mihaly"]
[Black "Fan, Xiaotong"]
[Result "0-1"]
[WhiteElo "1501"]
[BlackElo "1731"]
[PlyCount "64"]
[EventDate "2024.03.31"]
[EventType "swiss"]
[EventRounds "9"]
[EventCountry "HUN"]
[SourceTitle "CB16_2024"]
[SourceDate "2024.04.17"]
[SourceVersion "1"]
[SourceVersionDate "2024.04.17"]
[SourceQuality "1"]

1. d4 Nf6 2. Bf4 g6 3. Nf3 Bg7 4. e3 d6 5. Nbd2 0-0 6. Be2 Nbd7 7. 0-0 c5 8. dxc5 Nxc5 9. c3 Bd7 10. Bc4 b5 11. Bb3 Nd3 12. Qc2 Nxf4 13. exf4 Bf5 14. Qd1 Rc8 15. Bc2 Bxc2 16. Qxc2 Qb6 17. Qd3 b4 18. c4 d5 19. Rac1 Rfd8 20. Qe2 e6 21. b3 a5 22. Qe3 Qb8 23. g3 dxc4 24. Nxc4 Nd5 25. Qe2 Qb5 26. Qe4 Nc3 27. Qc2 a4 28. Nfe5 Rd5 29. Nd3 axb3 30. axb3 Rcd8 31. Nce5 Bxe5 32. Nxe5 Rd2 0-1

[Event "HUN-ch U10/14"]
[Site "Buek"]
[Date "2023.06.19"]
[Round "1"]
[White "Ilko Toth, Andras"]
[Black "Fan, Xiaotong"]
[Result "1/2-1/2"]
[WhiteElo "1591"]
[BlackElo "1497"]
[PlyCount "127"]
[EventDate "2023.06.17"]
[EventType "swiss"]
[EventRounds "9"]
[EventCountry "HUN"]
[SourceTitle "CBM 215 Extra"]
[Source "ChessBase"]
[SourceDate "2023.09.30"]
[SourceVersion "1"]
[SourceVersionDate "2023.09.30"]
[SourceQuality "1"]

1. Nf3 Nf6 2. b3 g6 3. Bb2 Bg7 4. g3 0-0 5. Bg2 d5 6. 0-0 c5 7. d3 Nc6 8. Nbd2 Bd7 9. c4 d4 10. a3 a5 11. Re1 e5 12. e3 Re8 13. exd4 exd4 14. Ng5 Rb8 15. Nge4 b6 16. h3 Ne5 17. Qc2 Nxe4 18. Nxe4 Bc6 19. f4 Bxe4 20. Bxe4 Nd7 21. Bc6 Re7 22. Qf2 Nf6 23. a4 Rxe1+ 24. Rxe1 Qc8 25. Qg2 Qf5 26. Qf1 Qc8 27. Bg2 Qd7 28. Bc1 Re8 29. g4 Bf8 30. Bd2 Bd6 31. Rxe8+ Qxe8 32. Qf3 Kg7 33. Kf2 Qe7 34. Qb7 Qxb7 35. Bxb7 Kf8 36. Kf3 Ke7 37. Be1 Ne8 38. Bh4+ Kd7 39. Bd5 f5 40. Bg8 Be7 41. Bxe7 Kxe7 42. Bxh7 Kf6 43. Bg8 Ng7 44. Bd5 Ne8 45. Kg3 Kg7 46. g5 Kh7 47. h4 Ng7 48. Bf3 Nh5+ 49. Kf2 Kg7 50. Bd1 Kh7 51. Kf3 Kg7 52. Be2 Kf7 53. Kf2 Kg7 54. Bf3 Kh7 55. Bg2 Kg7 56. Bf3 Kh7 57. Bxh5 gxh5 58. Ke2 Kg6 59. Kd2 Kg7 60. Kc2 Kg6 61. b4 Kg7 62. Kb3 Kg6 63. Ka3 Kg7 64. bxc5 1/2-1/2